000 00396nam a22001577a 4500
999 _c532966
_d532966
003 NUST
005 20191209125355.0
008 191209b ||||| |||| 00| 0 eng d
038 _aMSOHAIL
082 _a720 MBA
100 _aDavid Mbazor
_926612
245 _aApplication of Quality Assurance .........../
260 _aGermany
_bLAP - Lambert
_cc2015
300 _a115;p;
942 _2ddc
_cBK